Husserl y Gadamer : (Registro nro. 53525)
[ vista simple ]
| 000 -LEADER | |
|---|---|
| campo de control de longitud fija | 01143nam a2200325 i 4500 |
| 003 - IDENTIFICADOR DE NÚMERO DE CONTROL | |
| campo de control | peliumch |
| 005 - FECHA Y HORA DE LA ÚLTIMA TRANSACCIÓN | |
| campo de control | 20251117201330.0 |
| 007 - CAMPO FIJO DE DESCRIPCIÓN FÍSICA--INFORMACIÓN GENERAL | |
| campo de control de longitud fija | ta |
| 008 - DATOS DE LONGITUD FIJA--INFORMACIÓN GENERAL | |
| campo de control de longitud fija | 251117b2015 ag ||||gr|||| 00| 0 spa d |
| 020 ## - NÚMERO INTERNACIONAL ESTÁNDAR DEL LIBRO | |
| Condiciones de disponibilidad | B179862015 |
| 040 ## - FUENTE DE CATALOGACIÓN | |
| Centro catalogador/agencia de origen | UMCH |
| Lengua de catalogación | spa |
| Centro/agencia transcriptor | UMCH |
| Centro/agencia modificador | jmr |
| Normas de descripción | rda |
| 041 0# - CÓDIGO DE IDIOMA | |
| Código de lengua del texto/banda sonora o título independiente | spa |
| 043 ## - CÓDIGO DE ÁREA GEOGRÁFICA | |
| Código de área geográfica | s-pe--- |
| 082 04 - NÚMERO DE LA CLASIFICACIÓN DECIMAL DEWEY | |
| Número de clasificación | 193/G123 |
| 100 1# - ENTRADA PRINCIPAL--NOMBRE DE PERSONA | |
| Nombre de persona | García-Baró, Miguel. |
| Término indicativo de función/relación | autor. |
| 245 ## - MENCIÓN DEL TÍTULO | |
| Título | Husserl y Gadamer : |
| Resto del título | Fenomenología y hermenéutica / |
| Mención de responsabilidad, etc. | García-Baró, Miguel. |
| 250 ## - MENCION DE EDICION | |
| Mención de edición | Primera edición. |
| 264 #1 - PRODUCCIÓN, PUBLICACIÓN, DISTRIBUCIÓN, FABRICACIÓN Y COPYRIGHT | |
| Producción, publicación, distribución, fabricación y copyright | Buenos Aires, Argentina |
| Fecha de producción, publicación, distribución, fabricación o copyright | 2015 |
| 264 #4 - PRODUCCIÓN, PUBLICACIÓN, DISTRIBUCIÓN, FABRICACIÓN Y COPYRIGHT | |
| Fecha de producción, publicación, distribución, fabricación o copyright | ©2015 |
| 300 ## - DESCRIPCIÓN FÍSICA | |
| Extensión | 144páginas ; |
| 500 ## - NOTA GENERAL | |
| Nota general | Contiene biografia de Husserl y Gadamer e Indice onomástico. |
| 505 ## - NOTA DE CONTENIDO CON FORMATO | |
| Información miscelánea | 1: |
| Título | Qué es la fenomenología-- |
| Información miscelánea | 2 : |
| Título | Una vida trágica y en paz-- |
| Información miscelánea | 3 : |
| Título | El evolución de la fenomenología-- |
| Información miscelánea | 4 : |
| Título | Qué es la filosofía hermenéutica. |
| 521 ## - NOTA DE PÚBLICO DESTINATARIO | |
| Nota de público destinatario | Recomendado para un público general. |
| 650 14 - PUNTO DE ACCESO ADICIONAL DE MATERIA--TÉRMINO DE MATERIA | |
| Término de materia o nombre geográfico como elemento de entrada | FILOSOFIA |
| 942 ## - ELEMENTOS DE ENTRADA SECUNDARIOS (KOHA) | |
| Fuente del sistema de clasificación o colocación | Clasificación Decimal Dewey |
| Tipo de ítem Koha | Libros |
| Suprimir en OPAC | No |
| Estatus retirado | Estado de pérdida | Fuente del sistema de clasificación o colocación | Estado de daño | No para préstamo | Biblioteca de origen | Biblioteca actual | Fecha de adquisición | Fuente de adquisición | Información codificada de la localización en otra ubicación | Total checkouts | Signatura topográfica completa | Código de barras | Visto por última vez | Precio de reemplazo | Tipo de ítem Koha |
|---|---|---|---|---|---|---|---|---|---|---|---|---|---|---|---|
| Clasificación Decimal Dewey | Biblioteca Central | Biblioteca Central | 17/11/2025 | Donación | UMCH | 193/G123 | 035574 | 17/11/2025 | 17/11/2025 | Libros |

